Normale Ansicht MARC-Ansicht ISBD

Georgia diary (Titelsatznr. 73077)

[ MARC ]
MARC-Details
000 -Satzkennung
Kontrollfeld mit fester Länge 02194cam a2200493 c 4500
001 - Kontrollnummer
Kontrollfeld 161811106X
003 - Kontrollnummer Identifier
Kontrollfeld DE-627
005 - Datum und Zeit der letzten Transaktion
Kontrollfeld 20251021090834.0
007 - Feld mit fester Länge zur physischen Beschreibung - Allgemeine Information
Kontrollfeld mit fester Länge tu
008 - Feld mit fester Länge zur physischen Beschreibung - Allgemeine Angaben
Kontrollfeld mit fester Länge 090224s2009 xxu||||| 00| ||eng c
010 ## - Kontrollnummer der Library of Congress
LC-Kontrollnummer 2008052422
020 ## - Internationale Standardbuchnummer
Internationale Standardbuchnummer 9780765617118
Verknüpfung 978-0-7656-1711-8
035 ## - Systemkontrollnummer
System-Kontrollnummer (DE-627)161811106X
035 ## - Systemkontrollnummer
System-Kontrollnummer (DE-576)303427019
035 ## - Systemkontrollnummer
System-Kontrollnummer (DE-599)BSZ303427019
035 ## - Systemkontrollnummer
System-Kontrollnummer (OCoLC)610770240
035 ## - Systemkontrollnummer
System-Kontrollnummer (OCoLC)610770240
040 ## - Katalogisierungsquelle
Original-Katalogisierungsstelle DE-627
Katalogisierungssprache ger
Übertragungsstelle DE-627
041 ## - Sprachcode
Sprachcode des Textes/der Tonspur oder des separaten Titels eng
044 ## - Ländercode der veröffentlichenden/herstellenden Stelle
ISO-Ländercode XD-US
100 1# - Haupteintragung - Personenname
Feldverknüpfung und Reihenfolge 1\p
Personenname Goltz, Thomas
Datumsangaben in Verbindung mit einem Namen 1954-
IDN des Normdatensatzes oder Standardnummer (DE-588)1053087209
-- (DE-627)789593947
-- (DE-576)408812885
Funktionsbezeichnungscode aut
Koha-Normdatenidentnummer 67426
245 10 - Titel
Titel Georgia diary
Zusatz zum Titel a chronicle of war and political chaos in the post-Soviet Caucasus
Verfasserangabe etc. by Thomas Goltz
250 ## - Ausgabebezeichnung
Ausgabebezeichnung Expanded ed.
264 #1 - Produktion, Veröffentlichung, Distribution, Herstellung und Urheberrechtsvermerk
Herstellungs-, Veröffentlichungs- Vertriebs-, Erzeugungsort Armonk, N.Y
Produzent, Herausgeber, Distributor, Hersteller M.E. Sharpe
Datum der Herstellung, der Veröffentlichung, des Vertriebs oder des Urheberschutzvermerks 2009
300 ## - Physische Beschreibung
Umfang XXXI, 308 S.
Andere physische Details Ill., Kt.
336 ## - Inhaltstyp
Inhaltstypterm Text
Inhaltstypcode txt
Quelle rdacontent
337 ## - Medientyp
Bezeichnung des Medientyps ohne Hilfsmittel zu benutzen
Medientypcode n
Quelle rdamedia
338 ## - Datenträgertyp
Datenträgertypbezeichnung Band
Datenträgertypcode nc
Quelle rdacarrier
500 ## - Allgemeine Fußnote
Allgemeine Fußnote Includes bibliographical references and index
520 ## - Fußnote zu Zusammenfassungen usw.
Fußnote zur Zusammenfassung usw. Prologue: A (new) Caucasian chalk circle -- The quest for Gamsakhurdia -- A far-flung piece of paradise -- The Silver Fox -- An Abkhazian interlude -- The fall of Zugdidi -- Along the banks of Mtkvari -- (Muslim) Georgia on my mind -- Storm clouds over Sukhumi -- Pending war and the death of a friend -- Sarajevo by the sea -- Black Sea refugee -- Aftermath in the mountains -- Chaos in the Caucasus -- Bridge across the Inguri -- Trying to square a chalk circle -- Epilogue: The Olympics war -- Photographic essay
583 1# - Fußnote zum Bearbeitungsvermerk
Bearbeitung Archivierung prüfen
Zeit/Datum der Bearbeitung 20200919
Autorisierende Stelle DE-640
OPAC-Notiz 1
Quelle der Ansetzung oder des Terms pdager
600 10 - Nebeneintragung unter einem Schlagwort - Personenname
Personenname Goltz, Thomas
Allgemeine Unterteilung Travel
-- Georgia (Republic)
Koha-Normdatenidentnummer 67427
650 #0 - Nebeneintragung unter einem Schlagwort - Sachschlagwort
Sachschlagwort oder geografischer Name als Eintragungselement Post-communism
Allgemeine Unterteilung Georgia (Republic)
Koha-Normdatenidentnummer 67428
651 #0 - Nebeneintragung unter einem Schlagwort - Geografischer Name
Geografischer Name Georgia (Republic)
Allgemeine Unterteilung History
-- 1991-
Koha-Normdatenidentnummer 67429
651 #0 - Nebeneintragung unter einem Schlagwort - Geografischer Name
Geografischer Name Georgia (Republic)
Allgemeine Unterteilung Description and travel
Koha-Normdatenidentnummer 67430
883 ## - Maschinell generierte Metadatenprovenienz
Feldverknüpfung und Reihenfolge 1\p
Generierungsprozess cgwrk
Erstellungsdatum der Kopie 20250301
Einrichtung, welche die Kopien erstellt hat DE-101
URL https://d-nb.info/provenance/plan#cgwrk
936 bk - OCLC/CONSER MISCELLANEOUS DATA (OCLC); PIECE USED FOR CATALOGING (pre-AACR2) (RLIN)
OCLC control number(s) of parallel record(s) (OCLC); Piece used for cataloging, PUC (RLIN) 15.74
942 ## - Zusätzliche Felder (Koha)
Klassifikation oder Aufstellungssystematik Andere/Generische Klassifikation
Koha-Medientyp Monographien
Exemplare
Ausgeschieden Verloren Klassifikation oder Aufstellungssystematik Beschädigt Nicht entleihbar Heimatbibliothek Aufenthaltsbibliothek Erwerbungsdatum Inventarnummer Signatur Barcode Letzte Aktivität Preis gültig von Koha-Medientyp
    Andere/Generische Klassifikation     MWN Osteuropa MWS-Büro Georgien 21/10/2025 25-00059 W 66 G n Kaukas 4 75996 21/10/2025 21/10/2025 Monographien